000
00282nam a2200121Ia 4500
005
20251222140035.0
008
251222s1900||||xx |||||||||||||| ||spa||
082
_a
100.7/G84
100
_a
Guardini, Romano
245
0
_a
El Fin de los Tiempos Modernos
264
_b
Sur
942
_c
LIB
999
_c
3108
_d
3108